00932cam a22002651 4500001001300000003000400013005001700017008004100034010001700075035002000092040004600112042001200158050001500170110005200185245002100237260004900258300001800307490004500325490004000370500006900410651004900479830004500528830007600573999001700649sd 63000002 DLC20260227112736.0920420s1963 dcu f000 0 eng c asd 63000002  a(OCoLC)25678293 aU.S. Dept. of State. LibrarycDSdDSdDLC apremarc00aE841b.U521 aUnited States.bPresident (1961-1963 : Kennedy)10aForeign affairs. a[Washington,bU.S. Govt. Print. Off.,c1963] a19 p.c20 cm.1 a[U.S.] Dept. of State. Publicationv74871 aGeneral foreign policy series,v185 a"Excerpt from the State of the Union message, January 14, 1963." 0aUnited StatesxForeign relationsy1961-1963. 0aDepartment of State publication ;v7487. 0aDepartment of State publication.pGeneral foreign policy series ;v185. c90088d90088